Vyučovanie práva a etiky v osnovách stomatologických PBL

Bibliographic Details
Main Author: Kvaal, Sigrid I. (Author)
Corporate Author: Medzinárodný kongres dentálneho práva a etiky (Author)
Format: Conference Proceeding Article
Language:Slovak
Subjects:

MARC

LEADER 00000nab a2200000 a 4500
001 vtls000793492
003 SK-MaSNL
005 20260304171751.0
008 141122c2002 xo 0 slo
015 |a SNBRB2002/06-18444 
035 |a CLN000145147 
040 |a SNKBUCL  |b slo  |c SNKBUCL  |e AACR2 
041 0 |a slo 
044 |a xo  |c SK 
080 |a 616.31:614.253:340  |2 1997 
100 1 |a Kvaal, Sigrid I.  |4 aut  |9 1500529 
245 1 0 |a Vyučovanie práva a etiky v osnovách stomatologických PBL  |c Sigrid I. Kvaal 
650 0 7 |a stomatológia  |2 snkbucl  |9 917 
650 0 7 |a etika  |x stomatológia  |2 snkbucl  |9 1500530 
650 0 7 |a kongresy  |2 snkbucl  |9 19200 
650 0 7 |a štúdium stomatológie  |x metódy  |x organizácia a riadenie  |2 snkbucl  |9 1500531 
650 0 7 |a metódy  |2 snkbucl  |9 3855 
650 0 7 |a etika stomatologická  |x výchova a vzdelávanie  |2 snkbucl  |9 1461827 
650 0 7 |a zákonodarstvo stomatologické  |x organizácia a riadenie  |2 snkbucl  |9 1500532 
655 7 |a články z novín a časopisov  |2 snkbucl  |9 267496 
711 1 |a Medzinárodný kongres dentálneho práva a etiky  |d (2001 :  |c Amsterdam, Holandsko)  |4 aut  |9 92272 
773 0 |t Zubný lekár  |g Roč. 9, č. 1 (2002), s. 12-13 
850 |a Slovenská národná knižnica v Martine 
852 |a SNK  |b KIS3GCP 
958 |a MI 
958 |a NO 
999 |c 2995018  |d 2996948